|
|
|
|
| LEADER |
00903nam a2200289 a 4500 |
| 001 |
000568292 |
| 003 |
CZ BrMZK |
| 005 |
20011108142814.0 |
| 007 |
ta |
| 008 |
000115s2001 xr cze d |
| 015 |
|
|
|a cnb001008716
|
| 020 |
|
|
|a 80-7303-018-7
|
| 035 |
|
|
|a (OCoLC)50344405
|
| 040 |
|
|
|a BOA001
|b cze
|
| 041 |
1 |
|
|a cze
|h eng
|
| 080 |
|
|
|a 821.111-31
|2 MRF
|
| 100 |
1 |
|
|a Ryan, Denise
|7 xx0002935
|4 aut
|
| 245 |
1 |
0 |
|a Štvanice /
|c Denise Ryan ; [z anglického originálu přeložila Karin Lednická]
|
| 250 |
|
|
|a Vyd. 1.
|
| 260 |
|
|
|a Ostrava :
|b Domino,
|c 2001
|
| 300 |
|
|
|a 367 s. ;
|c 22 cm
|
| 655 |
|
7 |
|a anglicky psané romány
|7 fd131805
|2 czenas
|
| 700 |
1 |
|
|a Lednická, Karin,
|d 1969-
|7 ola2007364650
|4 trl
|
| 765 |
0 |
|
|t Dear keen
|9 Česky
|
| 910 |
|
|
|a BOA001
|b 2-1089.281
|
| 990 |
|
|
|a BK
|
| 996 |
6 |
|
|b 2610141219
|c 2-1089.281
|l MZK
|r Sklad / do 1 hodiny
|n 2
|p p.v.
|w 000568292
|u 000010
|a 1
|e BOA001
|j MZK50
|s P
|